| Поле | Инд. | ПП | Название | Значение |
|---|---|---|---|---|
| Тип записи | a | |||
| Библиографический уровень | m | |||
| 001 | Контрольный номер | 81d5028b-c7dd-4a17-b9fb-db359edc7651 | ||
| 005 | Дата корректировки | 20140226174439.7 | ||
| 008 | Кодируемые данные | 20010206s?a aznnnabbn zn aan | ||
| 020 | a | ISBN | 5-268-00334-8 (в пер.) | |
| c | Цена, тираж | 2.50 | ||
| 040 | a | Служба первич. каталог. | RU-RKP | |
| a | Служба первич. каталог. | НБ ТвГУ | ||
| 041 | a | Код языка текста | rus | |
| 080 | a | Индекс УДК | 882-8 | |
| a | Индекс УДК | 82.09 | ||
| a | Индекс УДК | 070[Литературная газета]"1830" | ||
| 084 | a | Индекс другой классификации/Индекс ББК | 84Р1 | |
| a | Индекс другой классификации/Индекс ББК | 83.3(0) | ||
| 090 | x | Авторский знак | Л64 | |
| a | Полочн. индекс | Р1 | ||
| 092 | a | 17.07 | ||
| 245 | 01 | a | Заглавие | "Литературная газета" А. С. Пушкина и А. А. Дельвига, 1830 год, N 1-13 |
| c | Ответственность | [Послесл., с. 191-206, и общ. ред. В. Н. Касаткиной; Подгот. текста и коммент. Т. К. Батуровой; Худож. Э. Насибулин] | ||
| 245 | _0 | a | Заглавие | Литературная газета" А. С. Пушкина и А. А. Дельвига, 1830 год, ¦ 1-13 |
| 260 | 0_ | a | Место издания | Москва |
| b | Издательство | Советская Россия | ||
| c | Дата издания | 1988 | ||
| 300 | a | Объем | 253, [2] с. | |
| b | Иллюстрации/ тип воспроизводства | ил. | ||
| c | Размеры | 22 см. | ||
| 504 | a | Библиография | Библиогр.: с.207-253 | |
| 700 | 1_ | a | Другие авторы | Батурова Т. К. |
| e | Роль лиц | сост. | ||
| 700 | 1_ | a | Другие авторы | Касаткина Вера Николаевна |
| e | Роль лиц | авт. вступ. ст. | ||
| 700 | 1_ | a | Другие авторы | Насибулин Э. |
| e | Роль лиц | худож. | ||
| 700 | 1_ | a | Другие авторы | Пушкин Александр Сергеевич |
| e | Роль лиц | авт. | ||
| 700 | 1_ | a | Другие авторы | Дельвиг Антон Антонович |
| e | Роль лиц | авт. | ||
| 852 | t | Порядковый номер экземпляра | 1 | |
| p | Инвентарный номер | 587564 | ||
| 999 | a | Подразделение 2 | аб. |